|
|
|
|
| LEADER |
00000nam a22000007a 4500 |
| 005 |
20130122152441.0 |
| 007 |
cr|||| |||| |
| 008 |
130122e2010 bl |||||s|||| 00||0 por d |
| 020 |
|
|
|a 8588018926
|
| 035 |
|
|
|a 6783
|
| 040 |
|
|
|a vLex
|
| 090 |
|
|
|c 3575
|d 3575
|
| 100 |
1 |
0 |
|a Ligiera, Wilson Ricardo
|
| 245 |
1 |
3 |
|a As principais novidades nas locaė̳s dos imv̤eis urbanos
|h [Recurso electrn̤ico]
|
| 256 |
|
|
|a Servicio en ln̕ea
|
| 260 |
|
|
|a Sô Paulo :
|b Editora NELPA,
|c 2010
|
| 300 |
|
|
|a 1 Recurso electrn̤ico
|
| 650 |
0 |
4 |
|a Derecho del medio ambiente
|z Brasil
|
| 650 |
0 |
4 |
|a Urbanizacin̤
|z Brasil
|
| 700 |
1 |
0 |
|a Pichiliani, Mauricio Carlos
|
| 740 |
|
|
|a vLex Libros (Servicio en ln̕ea)
|
| 856 |
|
|
|a Acceso restringido
|u http://www.vlex.com/source/6783
|
| 942 |
|
|
|c BOOK
|